000 00750nas a2200229 4500
001 BR8705579
003 BR-BrBNA
005 20231205090805.0
007 ta
008 230509b bl.|||p| |||| 00| 00por d
040 _aBR-BrBNA
_bpor
_cBiblioteca Nacional de Agricultura
041 _a(En)
072 _aH10
100 1 _aRazoulski, J.
100 1 _aBecker, V.O.
245 1 _aA list of neotropical Tortricini Moths (lepidoptera, Tortricidae)with a description of the first South American species
650 _aLEPIDOPTERO
650 _aAMERICA DO SUL
773 0 _tRevista Brasileira de Entomologia (Brazil)
_xISSN 0085-5626
_g(May 1984), v. 28(2) p. 203-206
_wBR8705579
909 _a202311
_bLúcia
_c55
_dLúcia Elande
942 _2AGRIS
_n0
_cANA
999 _c120865
_d120865